Welcome to CU Library Online Public Access Catalogue (OPAC)

Drugs & life / (Record no. 8544)

MARC details
000 -LEADER
fixed length control field 00556nam a2200205 a 4500
001 - CONTROL NUMBER
control field 3926323
005 - DATE AND TIME OF LATEST TRANSACTION
control field 20251211105606.0
008 - FIXED-LENGTH DATA ELEMENTS--GENERAL INFORMATION
fixed length control field 921203s1993 wiua b 001 0 eng
020 ## - INTERNATIONAL STANDARD BOOK NUMBER
International Standard Book Number 069712598X
050 00 - LIBRARY OF CONGRESS CALL NUMBER
Classification number RC564
Item number .A975 1993
082 00 - DEWEY DECIMAL CLASSIFICATION NUMBER
Classification number 362.29/0973
Edition information 20
100 1# - MAIN ENTRY--PERSONAL NAME
Personal name Avis, Harry.
245 10 - TITLE STATEMENT
Title Drugs & life /
Statement of responsibility, etc. Harry Avis.
250 ## - EDITION STATEMENT
Edition statement 2nd ed.
260 ## - PUBLICATION, DISTRIBUTION, ETC.
Place of publication, distribution, etc. Madison, Wis. :
Name of publisher, distributor, etc. Brown & Benchmark,
Date of publication, distribution, etc. c1993.
300 ## - PHYSICAL DESCRIPTION
Extent xvi, 505 p. :
Other physical details ill. (some col.) ;
Dimensions 24 cm.
650 #0 - SUBJECT ADDED ENTRY--TOPICAL TERM
Topical term or geographic name entry element Substance abuse.
650 #0 - SUBJECT ADDED ENTRY--TOPICAL TERM
Topical term or geographic name entry element Drugs.
942 ## - ADDED ENTRY ELEMENTS (KOHA)
Source of classification or shelving scheme Library of Congress Classification
Koha item type Books
Edition 2nd ed.
Suppress in OPAC No
999 ## -
-- 8544
-- 8544
Holdings
Withdrawn status Lost status Source of classification or shelving scheme Damaged status Not for loan Collection Home library Current library Shelving location Date acquired Total checkouts Full call number Barcode Date last seen Copy number Price effective from Koha item type
    Library of Congress Classification     Non-fiction Science Library (Miotso) Science Library (Miotso) Reference 12/11/2025   RC564 .A975 AVI SLM00006593 12/11/2025 1 12/11/2025 Books
    Library of Congress Classification     Non-fiction Science Library (Miotso) Science Library (Miotso) Reference 12/11/2025   RC564 .A975 AVI SLM00006624 12/11/2025 2 12/11/2025 Books
© 2023-2024 Copyright: Central University Libraries. All Rights Reserved | Created by: Mahone Tech Office